00621cam a22002054a 45000010009000000050017000090080041000260100017000670200018000840200015001020400018001170410008001350800012001430820020001551000007001751010008001822450127001902460029003172460069003461522846120180309073418.0080321s2008 caua 000 0 eng  a 2008272045 a9780495012320 a0495012327 aDLCcDLCdDLC aeng a515.07600a515.076 STE2221 a36 aMAT10aComplete solutions manual for Single variable calculus, sixth edition /cDaniel Anderson, Jeffery A. Cole, Daniel Drucker.30asingle variable calculus14aComplete solutions manual for Stewart's Single variable calculus